মোমেনশাহীর লোক-সাহিত্য / (Record no. 48933)
[ view plain ]
| 000 -LEADER | |
|---|---|
| fixed length control field | 01034nam a2200265 a 4500 |
| 001 - CONTROL NUMBER | |
| control field | 48933 |
| 003 - CONTROL NUMBER IDENTIFIER | |
| rucl marc code | BD-RjUL |
| 005 - DATE AND TIME OF LATEST TRANSACTION | |
| control field | 20211209054617.0 |
| 008 - FIXED-LENGTH DATA ELEMENTS--GENERAL INFORMATION | |
| fixed length control field | 160810s1957 bg ||||| |||| 00| 0 ben d |
| 020 ## - INTERNATIONAL STANDARD BOOK NUMBER | |
| Terms of availability | : PRs. 3.50 |
| 035 ## - SYSTEM CONTROL NUMBER | |
| System control number | (BD-RjUL)49052 |
| 040 ## - CATALOGING SOURCE | |
| Original cataloging agency | BD-RjUL |
| Language of cataloging | ben |
| Transcribing agency | BD-RjUL |
| Modifying agency | BD-RjUL |
| 041 ## - LANGUAGE CODE | |
| Language code of text/sound track or separate title | ben |
| 082 ## - DEWEY DECIMAL CLASSIFICATION NUMBER | |
| Classification number | 398.2 |
| Author mark and year | IJM 1957 |
| Edition number | 23 |
| 100 ## - MAIN ENTRY--PERSONAL NAME | |
| Personal name | ইজদানী, রওশন |
| 9 (RLIN) | 136983 |
| 245 10 - TITLE STATEMENT | |
| Title | মোমেনশাহীর লোক-সাহিত্য / |
| Statement of responsibility, etc. | রওশন ইজদানী |
| 250 ## - EDITION STATEMENT | |
| Edition statement | ১ম সং. |
| 260 ## - PUBLICATION, DISTRIBUTION, ETC. (IMPRINT) | |
| Place of publication, distribution, etc. | ঢাকা : |
| Name of publisher, distributor, etc. | বাঙলা একাডেমী, |
| Date of publication, distribution, etc. | ১৯৫৭ (১৩৬৪) |
| 300 ## - PHYSICAL DESCRIPTION | |
| Pagination | ১৩৮ পৃ. ; |
| Size | ২৪ সেমি. |
| 490 ## - SERIES STATEMENT | |
| Series statement | লোক-সাহিত্য-সংগ্রহ-গ্রন্থমালা - |
| Volume/sequential designation | ১ |
| 650 ## - SUBJECT ADDED ENTRY--TOPICAL TERM | |
| Topical term or geographic name as entry element | লোকসাহিত্য |
| 9 (RLIN) | 145352 |
| Topical term or geographic name as entry element | Folk Literature |
| 9 (RLIN) | 145353 |
| 830 ## - SERIES ADDED ENTRY--UNIFORM TITLE | |
| Uniform title | লোক-সাহিত্য-সংগ্রহ-গ্রন্থমালা - |
| Volume number/sequential designation | ১ |
| 942 ## - ADDED ENTRY ELEMENTS (KOHA) | |
| Source of classification or shelving scheme | Dewey Decimal Classification |
| Koha item type | Books |
| Lost status | Source of classification or shelving scheme | Damaged status | Not for loan | Collection code | Permanent Location | Current Location | Shelving location | Date acquired | Source of acquisition | Cost, normal purchase price | Total Checkouts | Full call number | Date last seen | Copy number | Koha item type | Date checked out |
|---|---|---|---|---|---|---|---|---|---|---|---|---|---|---|---|---|
| Dewey Decimal Classification | Non-fiction | Central Library, University of Rajshahi | Central Library, University of Rajshahi | 15/01/1965 | Ideal | 3.00 | B 398.2 IJM 1957 | 17/08/2016 | C-2 | Books | ||||||
| Dewey Decimal Classification | Non-fiction | Central Library, University of Rajshahi | Central Library, University of Rajshahi | 15/01/1965 | Ideal Library | 3.00 | B 398.2 IJM 1957 | 20/08/2016 | C-3 | Books | ||||||
| Dewey Decimal Classification | Non-fiction | Central Library, University of Rajshahi | Central Library, University of Rajshahi | 15/01/1965 | Ideal Library | 3.00 | B 398.2 IJM 1957 | 20/08/2016 | C-4 | Books | ||||||
| Dewey Decimal Classification | Non-fiction | Central Library, University of Rajshahi | Central Library, University of Rajshahi | 15/01/1965 | Ideal Library | 3.00 | B 398.2 IJM 1957 | 20/08/2016 | C-5 | Books | ||||||
| Dewey Decimal Classification | Non-fiction | Central Library, University of Rajshahi | Central Library, University of Rajshahi | 15/01/1965 | Ideal Library | 3.00 | B 398.2 IJM 1957 | 20/08/2016 | C-6 | Books | ||||||
| Dewey Decimal Classification | Non-fiction | Central Library, University of Rajshahi | Central Library, University of Rajshahi | 15/01/1965 | Ideal Library | 3.00 | 1 | B 398.2 IJM 1957 | 23/12/2019 | C-7 | Books | 12/12/2019 | ||||
| Dewey Decimal Classification | Not For Loan | Non-fiction | Central Library, University of Rajshahi | Central Library, University of Rajshahi | Reading Room | 01/02/1975 | Bangla Academy, Dhaka | 5.00 | B 398.2 IJM 1957 | 30/01/2017 | C-1 | Books | ||||
| Dewey Decimal Classification | Non-fiction | Central Library, University of Rajshahi | Central Library, University of Rajshahi | 01/02/1975 | Bangla Academy , Dhaka | 5.00 | B 398.2 IJM 1968 | 09/03/2017 | C-8 | Books |